000 01098nam a2200277 i 4500
001 186298
003 SpMaBN
005 20231207130755.0
008 161005s2007 sp ad |||| | spa d
020 _z978-84-7960-384-4
080 _a811.134.2(07)
080 _a821.134.2.09(07)
245 0 0 _aTaller de lengua y literatura (I)
_b: Educación Secundaria Obligatoria : primer ciclo, primer curso /
_cGrupo Nadir, Margarita Calvo, Julieta García-Pomareda y Rosa Zambrano.
250 _a3ª ed.
260 _aMadrid :
_bEdiciones de la Torre,
_c2007.
300 _a352 p. :
_bil., gráf. ;
_c25 cm.
490 1 _aProyecto didáctico Quirón ;
_v113.
_aComunicación y lenguaje
650 4 _aLengua española-
_vLibros escolares.
_9143619
650 4 _aLiteratura-
_vLibros escolares.
_9161049
700 1 _aCalvo, Margarita.
_9161048
710 2 _aGrupo Nadir.
_9161050
830 0 _aProyecto didáctico Quirón ;
_v113.
_aComunicación y lenguaje
_9225394
852 _aES-MaACL
_jA-13922
_9193353
_bR.151234
_cDEPO1
_dOlim: N-6922
942 _2udc
_cMONOGRAFIA
999 _c186298
_d186298